000 00737nmc a2200265 a 4500
003 AR-BaBNM
005 20251128211814.0
008 026020s2004 ||||||||||||||000 | spa||
020 _a950-12-4528-4
040 _cAR-BaBNM
100 1 _aPuig Picart, Toni
245 1 0 _aSe acabó la diversión
_bideas y gestión para la cultura que crea y sostiene ciudadanía
250 _a1ª ed.
260 _aBuenos Aires
_bPaidós
_c2004
300 0 _a317 p.
490 0 _aTramas sociales
_v28
650 4 _aGESTION CULTURAL
650 4 _aCAMBIO CULTURAL
650 4 _aCULTURA CONTEMPORANEA
650 4 _aPOLITICA CULTURAL
650 4 _aCIUDADANIA
650 4 _aDEMOCRATIZACION DE LA CULTURA
942 _cBK
998 _cme-solo cat
999 _c21196
_d21196